| 000 | 00982nam a2200277Ia 4500 | ||
|---|---|---|---|
| 003 | OSt | ||
| 005 | 20220926012157.0 | ||
| 006 | a|||||r|||| 00| 0 | ||
| 007 | ta | ||
| 008 | 220923b |||||||| |||| 00| 0 eng d | ||
| 020 |
_a1571816143 _c2818.1999999999998 |
||
| 037 |
_b320, 07/11/2006, SHUBHAM BOOK SUPPLIER _cGeneral Book |
||
| 040 |
_aRTL _cRTL _beng |
||
| 041 |
_2eng _aeng |
||
| 082 | _aY13:3(R2174).40k5, P4 | ||
| 100 |
_aKreager Philip _9315708 |
||
| 245 | 0 |
_aAgeing without children _b European and Asian perspectives. |
|
| 260 |
_aNew York _bBerghahn Books _c2004 |
||
| 300 |
_axii,276p. _ccm. |
||
| 490 | _aFertility, Reproduction and Sexuality. | ||
| 500 | _aBibliography: Chapterwise. | ||
| 650 | _aSociology | ||
| 700 |
_a Schroder-Butterfill Elisabeth _9315709 |
||
| 942 |
_hY13:3(R2174).40k5, P4 _cGB _2CC |
||
| 999 |
_c621974 _d621974 |
||